Christopher Mintz-Plasse Filmography - Statistics

General Stats
  • This quiz has been taken 18 times
    7 since last reset
  • The average score is 35 of 66
Answer Stats
Type Year Name % Correct
Film 2010 Kick-Ass
100%
Film 2013 Kick-Ass 2
100%
Film 2007 Superbad
100%
Film 2010 How to Train Your Dragon
83%
Film 2014 How to Train Your Dragon 2
83%
Film 2014 Neighbors
83%
Film 2013 This Is the End
83%
Short Film 2011 Book of Dragons
67%
Short Film 2011 Dragons: Gift of the Night Fury
67%
Film 2019 How to Train Your Dragon: The Hidden World
67%
Film 2010 Marmaduke
67%
Film 2016 Neighbors 2: Sorority Rising
67%
Film 2012 ParaNorman
67%
Film 2012 Pitch Perfect
67%
Film 2015 Tag
67%
Film 2016 Trolls
67%
Film 2023 Trolls Band Together
67%
TV Short 2017 Trolls Holiday
67%
Film 2009 Year One
67%
Music Video 2010 Answer to Yourself
50%
TV Show 2018-2021 Blark and Son
50%
Short Film 2014 Dragons: Dawn of the Dragon Racers
50%
TV Show 2012-2014 DreamWorks Dragons
50%
Music Video 2010 Erase Me
50%
Web Series 2016 Flaked
50%
TV Show 2012 Friend Me
50%
Film 2011 Fright Night
50%
Film 2016 Get a Job
50%
Web Mini-Series 2020 Home Movie: The Princess Bride
50%
Film 2022 Honor Society
50%
TV Short 2019 How to Train Your Dragon: Homecoming
50%
TV Short 2010 Legend of the Boneknapper Dragon
50%
Film 2013 Movie 43
50%
TV Show 2010 Party Down
50%
Film 2020 Promising Young Woman
50%
Music Video 2015 Ready
50%
Film 2008 Role Models
50%
TV Show 2016 Sanjay and Craig
50%
TV Pilot 2015 Sharing
50%
Music Video 2013 So Good at Being in Trouble
50%
TV Show 2018 Stan Against Evil
50%
TV Show 2023 Stars on Mars
50%
TV Show 2024 Tales of the Teenage Mutant Ninja Turtles
50%
Film 2017 The Disaster Artist
50%
Web Mini-Series 2012 The Far Cry Experience
50%
TV Show 2016-2017 The Great Indoors
50%
Web Series 2018 The Joel McHale Show with Joel McHale
50%
Short Film 2009 The Tale of RJ
50%
Film 2013 The To Do List
50%
Music Video 2015 U Don't Know
50%
Web Series 2007 Wainy Days
50%
TV Show 2021-2022 When Nature Calls
50%
Short Film 2012 Would You
50%
Short Film 2012 You're So Hot: Part Deux with Dave Franco & Chris Mintz-Plasse
50%
Short Film 2014 You're So Hot: Vol. 3 with Dave Franco and Chris Mintz-Plasse
50%
Short Film 2011 You're So Hot with Chris Mintz-Plasse and Dave Franco
50%
TV Show 2011 Celebrity Big Brother
17%
Commercial 2021 DraftKings
17%
Web Series 2015-2018 Dragons: Race to the Edge
17%
TV Show 2013 DreamWorks How to Train Your Dragon Legends
17%
Short Film 2013 Drunk Buddies
17%
Music Video 2008 I'm F**king Ben Affleck
17%
TV Show 2007 The Girls Next Door
17%
Web Mini-Series 2015 The Madden 16
17%
Web Series 2025 The Perfect Parfait
17%
Commercial 2015 Volkswagen
17%
No matching quizzes found
Score Distribution
Percent of People with Each Score
Percentile by Number Answered
Your Score History
You have not taken this quiz since the last reset